My book of favourite tales & rhymes (Record no. 141550)

MARC details
000 -LEADER
fixed length control field 00679nam a2200229 i 4500
001 - CONTROL NUMBER
control field C2-0344997
003 - CONTROL NUMBER IDENTIFIER
control field PPAK
005 - DATE AND TIME OF LATEST TRANSACTION
control field 20180728145706.0
008 - FIXED-LENGTH DATA ELEMENTS--GENERAL INFORMATION
fixed length control field 180117s2012 xxka|||| ||||| | eng d
020 ## - INTERNATIONAL STANDARD BOOK NUMBER
International Standard Book Number 9781841358123
040 ## - CATALOGING SOURCE
Original cataloging agency PPAK
Language of cataloging eng
Transcribing agency PPAK
Description conventions rda
082 04 - DEWEY DECIMAL CLASSIFICATION NUMBER
Classification number 398.8
Edition number 23
090 00 - LOCALLY ASSIGNED LC-TYPE CALL NUMBER (OCLC); LOCAL CALL NUMBER (RLIN)
Classification number (OCLC) (R) ; Classification number, CALL (RLIN) (NR) 398.8
Feature heading MYB
Feature heading K
245 00 - TITLE STATEMENT
Title My book of favourite tales & rhymes
264 #1 - PRODUCTION, PUBLICATION, DISTRIBUTION, MANUFACTURE, AND COPYRIGHT NOTICE
Place of production, publication, distribution, manufacture Nottinghamshire, :
Name of producer, publisher, distributor, manufacturer Award Publication Limited ,
Date of production, publication, distribution, manufacture, or copyright notice 2012
300 ## - PHYSICAL DESCRIPTION
Extent 93 pages :
Other physical details colour illustrations ;
Dimensions 27 cm
336 ## - CONTENT TYPE
Source rdacontent
Content type term text
337 ## - MEDIA TYPE
Source rdamedia
Media type term unmediated
338 ## - CARRIER TYPE
Source rdacarrier
Carrier type term volume
650 10 - SUBJECT ADDED ENTRY--TOPICAL TERM
Topical term or geographic name entry element Nursery rhymes. ; Nonsense verses. ; Fairy tales.
942 ## - ADDED ENTRY ELEMENTS (KOHA)
-- dc
Koha item type Book
Holdings
Withdrawn Not for loan Current library Shelving location Date acquired Total Checkouts Total Renewals Full call number Barcode Date last seen Date last checked out Koha item type Checked out
    Perpustakaan Alor Setar Pinjaman Kanak-kanak 05/02/2018 7 1 K 398.8 MYB A01564412 16/05/2023 27/04/2023 Book  
    Perpustakaan Awam Sungai Petani Pinjaman Kanak-kanak 05/02/2018 15 2 K 398.8 MYB A01564413 20/04/2026 20/04/2026 Book 02/06/2026
    Perpustakaan Kulim Pinjaman Kanak-kanak 05/02/2018 10 1 K 398.8 MYB A01564414 02/09/2024 11/08/2024 Book  
    Perpustakaan Langkawi Pinjaman Kanak-kanak 05/02/2018 2 1 K 398.8 MYB A01564415 16/11/2025 02/10/2025 Book